Computer Systems Architecture (Record no. 7863)
[ view plain ]
| 000 -LEADER | |
|---|---|
| fixed length control field | 00306nam a2200133Ia 4500 |
| 008 - FIXED-LENGTH DATA ELEMENTS--GENERAL INFORMATION | |
| fixed length control field | 191201s2011 xx 000 0 und d |
| 082 ## - DEWEY DECIMAL CLASSIFICATION NUMBER | |
| Classification number | 004.22 |
| Item number | RAC |
| 100 ## - MAIN ENTRY--PERSONAL NAME | |
| Personal name | RAO, PVS |
| 245 #0 - TITLE STATEMENT | |
| Title | Computer Systems Architecture |
| 250 ## - EDITION STATEMENT | |
| Edition statement | 2nd |
| 260 ## - PUBLICATION, DISTRIBUTION, ETC. (IMPRINT) | |
| Date of publication, distribution, etc | 2011 |
| Name of publisher, distributor, etc | PHI |
| Place of publication, distribution, etc | NEW DELHI |
| 300 ## - PHYSICAL DESCRIPTION | |
| Extent | 500 |
| 942 ## - ADDED ENTRY ELEMENTS (KOHA) | |
| Source of classification or shelving scheme | Dewey Decimal Classification |
| Koha item type | Text Books |
| Withdrawn status | Lost status | Source of classification or shelving scheme | Damaged status | Not for loan | Collection code | Home library | Current library | Date acquired | Source of acquisition | Cost, normal purchase price | Bill Number | Total Checkouts | Full call number | Acc. no. / Barcode | Date last seen | Actual Cost, discounted price | Bill Date | Koha item type |
|---|---|---|---|---|---|---|---|---|---|---|---|---|---|---|---|---|---|---|
| Dewey Decimal Classification | BCA | PIET C-LIBRARY | PIET C-LIBRARY | 09/06/2013 | IBH, New Delhi | 325.00 | 10134 | 004.22 RAC | BC607 | 04/12/2019 | 218.40 | 09/06/2013 | Text Books | |||||
| Dewey Decimal Classification | BCA | PIET C-LIBRARY | PIET C-LIBRARY | 09/06/2013 | IBH, New Delhi | 325.00 | 10134 | 004.22 RAC | BC608 | 04/12/2019 | 218.40 | 09/06/2013 | Text Books | |||||
| Dewey Decimal Classification | BCA | PIET C-LIBRARY | PIET C-LIBRARY | 09/06/2013 | IBH, New Delhi | 325.00 | 10134 | 004.22 RAC | BC609 | 04/12/2019 | 218.40 | 09/06/2013 | Text Books | |||||
| Dewey Decimal Classification | BCA | PIET C-LIBRARY | PIET C-LIBRARY | 09/06/2013 | IBH, New Delhi | 325.00 | 10134 | 004.22 RAC | BC610 | 04/12/2019 | 218.40 | 09/06/2013 | Text Books | |||||
| Dewey Decimal Classification | BCA | PIET C-LIBRARY | PIET C-LIBRARY | 09/06/2013 | IBH, New Delhi | 325.00 | 10134 | 004.22 RAC | BC611 | 04/12/2019 | 218.40 | 09/06/2013 | Text Books |